|
|
|
|
| LEADER |
00000nmm0a2200000 4500 |
| 001 |
145096 |
| 005 |
20231101221133.0 |
| 010 |
|
|
|a 9785987042968
|
| 035 |
|
|
|a (RuTPU)RU\TPU\book\157255
|
| 090 |
|
|
|a 145096
|
| 100 |
|
|
|a 20081013d2008 m y0rusy50 ca
|
| 101 |
0 |
|
|a rus
|
| 102 |
|
|
|a RU
|
| 105 |
|
|
|a a j 001zy
|
| 200 |
1 |
|
|a Программирование систем числового программного управления
|e учебное пособие
|f В. Л. Сосонкин, Г. М. Мартинов
|
| 210 |
|
|
|a Москва
|c Логос
|d 2008
|
| 215 |
|
|
|a 344 с.
|c ил.
|e CD-ROM
|
| 225 |
1 |
|
|a Новая университетская библиотека
|
| 320 |
|
|
|a Библиография в конце частей.
|
| 330 |
|
|
|a Представлены новейшие тенденции в архитектуре и математическом обеспечении систем ЧПУ Рассмотрены основы программирования в стандарте ISO 6983 (в коде ISO-7bit), стандартные циклы для токарных и сверлильно-фрезерных станков. Освещены основы сложнопрофильного программирования с применением современных алгоритмов сплайновой интерполяции, заложенных в системах ЧПУ. Проанализированы особенности программирования сложных поверхностей и принципы программирования электроавтоматики станков с ЧПУ, конфигурация систем ЧПУ. Изложены принципы программирования станков с ЧПУ в стандарте STEP-NC. Книга является логическим продолжением издания «Системы числового программного управления» (2005), может быть также использована как самостоятельное пособие. В приложении на компакт-диске дан практикум по программированию систем ЧПУ. Для студентов высших учебных заведений, обучающихся по специальности «Автоматизация технологических процессов и производств (машиностроение)» направления подготовки «Автоматизированные технологии и производства». Представляет интерес для широкого круга специалистов в области программирования.
|
| 606 |
1 |
|
|a Системы ЧПУ
|x Программирование
|2 stltpush
|3 (RuTPU)RU\TPU\subj\64923
|9 81611
|
| 610 |
1 |
|
|a автоматизированные технологии
|
| 610 |
1 |
|
|a числовое программное управление
|
| 610 |
1 |
|
|a архитектура
|
| 610 |
1 |
|
|a математическое обеспечение
|
| 610 |
1 |
|
|a программы
|
| 610 |
1 |
|
|a стандарты
|
| 610 |
1 |
|
|a ISO 6983
|
| 610 |
1 |
|
|a стандартные циклы
|
| 610 |
1 |
|
|a токарная обработка
|
| 610 |
1 |
|
|a сложные поверхности
|
| 610 |
1 |
|
|a электроавтоматика
|
| 610 |
1 |
|
|a станки с ЧПУ
|
| 610 |
1 |
|
|a конфигурация
|
| 610 |
1 |
|
|a STEP
|
| 610 |
1 |
|
|a STEP-NC
|
| 610 |
1 |
|
|a CD-ROM
|
| 610 |
1 |
|
|a учебные пособия
|
| 675 |
|
|
|a 681.324.06(075.8)
|v 3
|
| 700 |
|
1 |
|a Сосонкин
|b В. Л.
|g Владимир Лазаревич
|
| 701 |
|
1 |
|a Мартинов
|b Г. М.
|g Георгий Мартинович
|
| 801 |
|
1 |
|a RU
|b 63413507
|c 20081013
|g PSBO
|
| 801 |
|
2 |
|a RU
|b 63413507
|c 20201103
|g PSBO
|
| 900 |
|
|
|a Системы автоматизированного проектирования и программирования
|
| 900 |
|
|
|a Программирование
|
| 900 |
|
|
|a Автоматизация процессов машиностроения
|
| 942 |
|
|
|c MX
|
| 951 |
|
|
|b 220300
|b 220301
|
| 959 |
|
|
|a 89/20081007
|d 3
|e 440,00
|f АНЛ:1
|f ЧЗТЛ:1
|f ЭЧЗ:1
|